О возможности решения проблемы радиогенного тепла Земли с помощью нейтрино; Атомная техника за рубежом; № 1

Dettagli Bibliografici
Parent link:Атомная техника за рубежом: научно-технический журнал/ Росатом; Государственная корпорация по атомной энергии; Ядерное общество России (ЯОР).— , 1957-.— 0320-9326
№ 1.— 2004.— С. 28-30
Autore principale: Фиорентинн Д.
Altri autori: Паскалини А. (переводчик), Бронников В. А.
Lingua:russo
Pubblicazione: 2004
Serie:Переводы
Soggetti:
Natura: MixedMaterials Capitolo di libro
KOHA link:https://koha.lib.tpu.ru/cgi-bin/koha/opac-detail.pl?biblionumber=390995

MARC

LEADER 00000naa2a2200000 4500
001 390995
005 20231101064034.0
035 |a (RuTPU)RU\TPU\prd\24581 
090 |a 390995 
100 |a 20040330a2004 k y0rusy50 ca 
101 0 |a rus 
102 |a RU 
200 1 |a О возможности решения проблемы радиогенного тепла Земли с помощью нейтрино  |f Д. Фиорентинн, А. Паскалини  |g Пер. В. А. Бронников 
225 1 |a Переводы 
320 |a Библиогр.: 3 назв. 
461 1 |0 (RuTPU)RU\TPU\prd\1300  |x 0320-9326  |t Атомная техника за рубежом  |o научно-технический журнал  |f Росатом; Государственная корпорация по атомной энергии; Ядерное общество России (ЯОР)  |d 1957- 
463 1 |0 (RuTPU)RU\TPU\prd\23848  |t № 1  |v С. 28-30  |d 2004 
610 1 |a нейтрино 
610 1 |a геофизика 
610 1 |a радиогенное тепло Земли 
610 1 |a эксперименты 
610 1 |a детектор нейтрино 
610 1 |a геонейтрино 
610 1 |a детектор антинейтрино 
675 |a 550.378  |v 3 
700 1 |a Фиорентинн  |b Д. 
701 1 |a Паскалини  |b А. 
702 1 |a Бронников  |b В. А.  |4 730 
801 1 |a RU  |b 63413507  |c 20040330  |g PSBO 
801 2 |a RU  |b 63413507  |c 20120420  |g RCR 
942 |c BK